000 00854nam a22002297a 4500
003 OSt
005 20251221141818.0
008 251221b |||||||| |||| 00| 0 eng d
040 _cDCL
082 _a923.2591
100 1 _aNassif, Ramses
245 1 0 _aU Thant in New York, 1961-1971 : a portrait of the third UN Secretary-General /
_c Ramses Nassif ; with a foreword by Sir Brian Urquhart
260 _aNew York :
_bSt. Martin's Press,
_c1988.
300 _ax, 140 pages :
_billustrations ;
_c20 cm.
500 _aUnited Nations. Thant, U,. 1909-1974 (BNB/PRECIS) Includes index.
650 _aUnited Nations. Secretary General
_x Biography
650 _aStatesmen
_zBurma
_xBiography
650 _aUnited Nations
_vHistory
650 _aWorld politics
_v1955-1965
700 1 _aUrquhart, Brian , Sir.
942 _2ddc
_cSHORT TERM
_n0
999 _c2768
_d2768